| 000 | 00303 a2200109 4500 | ||
|---|---|---|---|
| 082 | _a297.12 | ||
| 245 |
_a Riyadh-us-Saleheen (Vol I) _cAllama Abdul Rasool Arshad _h[Urdu] |
||
| 260 |
_aLahore: _bZia-ul-Quran Publicatins, _c 1997. |
||
| 300 |
_a436 p. ; _c25 cm. |
||
| 650 | _aHadith. | ||
| 942 |
_cBK _k297.12 ARS |
||
| 999 |
_c8521 _d8521 |
||